Vysoké Tatry Slavkovský štít 2453 m n. m : z Malej studenej doliny

Bibliographic Details
Format: Photo
Language:Slovak
Published: [Bratislava] Tatran [medzi 1945 a 1949]
Subjects:

MARC

LEADER 00000nkm a2200000 a 4500
001 vtls011560362
003 SK-MaSNL
005 20260302051926.0
007 kf bo
008 231214q1945 xo g kuslo
015 |a SNBG 
035 |a urn:nbn:sk:snk-km00bkxi 
035 |a urn:nbn:sk:snk-km3lnhq 
035 |a 1F65B448-F14B-47AD-9817-777663898351 
040 |a SNK  |b slo  |c SNK  |e AACR2 
041 0 |a slo 
043 |a e-xo--- 
044 |a xo  |c SK 
080 |a 908(437.6)  |2 2011 
080 |a (234.374.4)  |2 2011 
080 |a (084.121)  |2 2011 
245 0 0 |a Vysoké Tatry  |h grafika  |b Slavkovský štít 2453 m n. m : z Malej studenej doliny 
260 |a [Bratislava]  |b Tatran  |c [medzi 1945 a 1949] 
300 |a 1 pohľadnica  |b čiernobiela  |c 14 x 9 cm 
651 7 |a Vysoké Tatry (Poľsko a Slovensko : pohorie)  |2 SNKPHgeo  |9 67729 
651 7 |a Slavkovský štít (Vysoké Tatry, Slovensko)  |2 SNKPH 
651 7 |a Malá Studená dolina (Slovensko)  |2 SNK  |9 160423 
655 7 |a miestne pohľadnice  |2 SNKPH  |9 70510 
852 |a Slovenská národná knižnica 
958 |a GC 
958 |a OND 
958 |a GBN 
999 |c 1103021  |d 1104951 
952 |a SNK  |b SNK  |y PREZ  |7 0  |p 17A1178926  |o snkSP 5293  |0 0  |1 0  |4 0  |d 2016-06-15  |f 1  |l 0  |r 2026-02-24 17:36:30  |w 2026-02-24